| 000 | 00619nam a2200193 a 4500 | ||
|---|---|---|---|
| 005 | 20240925064830.0 | ||
| 008 | 991125s1953 fr 000 0 fre u | ||
| 035 | _aUPN01000000452 | ||
| 049 | _aCG | ||
| 050 | 4 |
_aHV168 _bM3.2 |
|
| 100 | 1 | _aMarier, Roger | |
| 245 | 1 | 2 |
_aL'action sociale a la Jamaique : _bl'oeuvre de la Jamaica Social Welfare Commision / _cpar Roger Marier. |
| 260 |
_aParís : _bUNESCO, _c1953. |
||
| 300 |
_a186 p., 1 h. de lám. : _bil. |
||
| 440 | 0 |
_aMonographies sur l'education de base ; _v7 |
|
| 650 | 4 |
_aASISTENCIA PUBLICA - _zJAMAICA _98331 |
|
| 650 | 2 |
_aProblemas sociales _96247 |
|
| 905 | _aLibro | ||
| 999 |
_c452 _d452 |
||